El Silmarillion / (Registro nro. 60619)

Detalles MARC
000 -CABECERA
Longitud fija campo de control 01564cam a2200397 i 4500
003 - • IDENTIFICADOR DELl NÚMERO DE CONTROL
Identificador del número de control CO-BoRNBP
005 - • FECHA Y HORA DE LA ÚLTIMA TRANSACCIÓN
Fecha y hora de la última transacción 20260225201127.0
007 - • CAMPO FIJO DE DESCRIPCIÓN FÍSICA
Campo fijo de descripción física ta
008 - • CÓDIGOS DE INFORMACIÓN DE LONGITUD FIJA
Códigos de información de longitud fija 221117s2022 ck b gr 001 fdspa
020 ## - • NÚMERO INTERNACIONAL NORMALIZADO PARA LIBROS
Número Internacional Normalizado para Libros (ISBN) 9786287586000
020 ## - • NÚMERO INTERNACIONAL NORMALIZADO PARA LIBROS
Número Internacional Normalizado para Libros (ISBN) 9789505471669
040 ## - FUENTE DE LA CATALOGACIÓN
Centro catalogador de origen CO-BoBN
Lengua de catalogación spa
Normas de descripción rda
Centro transcriptor CO-BoBN
041 1# - • CÓDIGO DE LENGUA
Código de lengua del texto/banda sonora o título independiente spa
Código de lengua original eng
043 ## - CÓDIGO DE ÁREA GEOGRÁFICA
Código de área geográfica e-uk-en
084 ## - • Clasificación Local Alfanúmerica PNLB
Número de clasificación N TOL3
100 1# - • PUNTO DE ACCESO PRINCIPAL-NOMBRE DE PERSONA
Nombre de persona Tolkien, John Ronald Reuel,
Fechas asociadas al nombre 1892-1973,
Término indicativo de función autor
245 13 - • TITULO PROPIAMENTE DICHO
Título El Silmarillion /
Mención de responsabilidad, etc. J. R.R. Tolkien ; editado por Christopher Tolkien ; traducción de Rubén Masera y Luis Domènech
250 ## - • MENCIÓN DE EDICIÓN
Mención de edición Primera edición
264 #1 - PRODUCCIÓN, PUBLICACIÓN , DISTRIBUCIÓN, FABRICACIÓN Y COPYRIGHT
Lugar de producción, publicación, distribución, fabricación Ciudad autónoma de Buenos Aires :
Nombre del productor, editor, distribuidor, fabricante Minotauro,
Fecha de de producción, publicación, distribución, fabricación o copyright 2014
300 ## - • DESCRIPCIÓN FÍSICA
Extensión 541 páginas :
Otras características físicas mapa en blanco y negro ;
Dimensiones 23 cm
336 ## - TIPO DE CONTENIDO
Término de tipo de contenido Texto
Código de tipo de contenido txt
Fuente rdacontent
337 ## - TIPO DE MEDIO
Nombre del tipo de medio Sin mediación
Código del tipo de medio n
Fuente rdamedia
338 ## - TIPO DE SOPORTE
Nombre del tipo de soporte Volumen
Código del tipo de soporte nc
Fuente rdacarrier
500 ## - • NOTA GENERAL
Nota general Incluye biografía del autor
500 ## - • NOTA GENERAL
Nota general Incluye índice de nombres
505 2# - • NOTA DE CONTENIDO CON FORMATO
Nota de contenido con formato Quenta Silmarillion (la historia de los silmarils) -- Ainulindalë (la música de los ainur) -- Valaquenta (historia de los valar) -- Akallabêth (la caída de Númenor) -- De los Anillos de poder y la tercera edad
534 ## - • Nota De Versión Original
Título The Silmarillion
650 14 - • PUNTO DE ACCESO ADICIONAL DE MATERIA - TÉRMINO DE MATERIA
Término de materia o nombre geográfico como elemento inicial Novela fantástica inglesa
Subdivisión cronológica Siglo XX
Fuente del encabezamiento o término LEMB
650 24 - • PUNTO DE ACCESO ADICIONAL DE MATERIA - TÉRMINO DE MATERIA
Término de materia o nombre geográfico como elemento inicial Mitología
Subdivisión de forma Novela
Fuente del encabezamiento o término LEMB
700 1# - • PUNTO DE ACCESO ADICIONAL - NOMBRE DE PERSONA
Nombre de persona Tolkien, Christopher,
Término indicativo de función editor
700 1# - • PUNTO DE ACCESO ADICIONAL - NOMBRE DE PERSONA
Nombre de persona Masera, Rubén,
Término indicativo de función traductor
700 1# - • PUNTO DE ACCESO ADICIONAL - NOMBRE DE PERSONA
Nombre de persona Domènech, Luis,
Término indicativo de función traductor
942 ## - ENTRADA DE ELEMENTOS AGREGADOS (KOHA)
Fuente de clasificaión o esquema Dewey Decimal Classification
Koha [por defecto] tipo de item LIbro
990 ## - EQUIVALENCIA O SECCIÓN-REFERENCIA [LOCAL, CANADA]
Enlace de información para campos 9XX 2022-9454
Enlace de información para campo correspondiente a campo 9XX Editorial Planeta Colombiana S.A.
Existencias
Perdido Fuente de clasificación o esquema Estado Físico No para préstamo Forma de adquisición Localización permanente Localización actual Localización en estanterías Fecha adquisición Préstamos totales Signatura completa Código de barras Fecha última consulta Número de copia Fecha del precio de reemplazo Tipo de item de Koha
  Clasificación Local Facetada     Literatura General Biblioteca Pública San Juanito - Ernesto Maria Peña Romero Biblioteca Pública San Juanito - Ernesto Maria Peña Romero Literatura 02/25/2026   N TOL3 SJU02786 02/25/2026 Ej.1 02/25/2026 Libro Literatura









Instituto Departamental de Cultura del Meta - Red Departamental de Bibliotecas Públicas del Meta.